Bournemouth Best Scorer By Year - Statistics

General Stats
  • This quiz has been taken 255 times
    61 since last reset
  • The average score is 3 of 5
Answer Stats
Player % Correct
Dominic Solanke
88%
Callum Wilson
75%
Justin Kluivert
75%
Joshua King
67%
Philip Billing
29%
No matching quizzes found
Score Distribution
Percent of People with Each Score
Percentile by Number Answered
Your Score History
You have not taken this quiz since the last reset